Elevate surveying (Record no. 106249)
[ view plain ]
| 000 -LEADER | |
|---|---|
| fixed length control field | 01885cam a2200289 4500 |
| 001 - CONTROL NUMBER | |
| control field | ##L135928 |
| 008 - FIXED-LENGTH DATA ELEMENTS--GENERAL INFORMATION | |
| fixed length control field | 061218n2006 000 0 eng u |
| 022 ## - INTERNATIONAL STANDARD SERIAL NUMBER | |
| International Standard Serial Number | 1748-9342 |
| 035 ## - SYSTEM CONTROL NUMBER | |
| System control number | (Sirsi) u135928 |
| 041 0# - LANGUAGE CODE | |
| Language code of text/sound track or separate title | eng |
| 050 04 - LIBRARY OF CONGRESS CALL NUMBER | |
| Classification number | 333.00711 $2 18 |
| 110 2# - MAIN ENTRY--CORPORATE NAME | |
| Corporate name or jurisdiction name as entry element | Royal Institution of Chartered Surveyors |
| 9 (RLIN) | 4900 |
| 245 00 - TITLE STATEMENT | |
| Title | Elevate surveying |
| Remainder of title | your path to a great career |
| -- | 2006-07 |
| Medium | [electronic resource] |
| 260 ## - PUBLICATION, DISTRIBUTION, ETC. | |
| Place of publication, distribution, etc. | London |
| Name of publisher, distributor, etc. | Property Week |
| Date of publication, distribution, etc. | 2006 |
| 300 ## - PHYSICAL DESCRIPTION | |
| Extent | 146p. |
| Other physical details | ill. |
| Dimensions | 22cm. |
| 505 1# - FORMATTED CONTENTS NOTE | |
| Formatted contents note | Putting the value on a career in surveying -- Summary of the 17 specialisms - Successful candidates: things applicants should know -- Essential gadgets for a cutting-edge operator -- How to catch that employer's eye -- Pay, perks and conditions - Steve Redgrave: multiple gold-medalist and surveyors' champion --The Roundhouse: project diary of the famous London venue -- History: the origins and evolution of our modern profession -- London 2012 Olympics: the surveyors inspiring the dream -- The benefits and advantages of joining RICS -- APC and ATC: tips on how to qualify -- The faculties explained, plus case studies -- Guidance on choosing your degree - School-leavers: an early-starters path into surveying |
| 520 ## - SUMMARY, ETC. | |
| Summary, etc. | A surveying careers guide providing features, advice, career tips and high flyer profiles. Also includes showcases from major graduate recruiters. |
| 520 ## - SUMMARY, ETC. | |
| Summary, etc. | Superseded by third edition (L140954). |
| 590 ## - LOCAL NOTE (RLIN) | |
| Local note | KA |
| 650 24 - SUBJECT ADDED ENTRY--TOPICAL TERM | |
| Topical term or geographic name entry element | OLYMPIC GAMES 2012 |
| 690 ## - LOCAL SUBJECT ADDED ENTRY--TOPICAL TERM (OCLC, RLIN) | |
| Topical term or geographic name as entry element | CAREERS, EDUCATION AND TRAINING |
| 690 ## - LOCAL SUBJECT ADDED ENTRY--TOPICAL TERM (OCLC, RLIN) | |
| Topical term or geographic name as entry element | CAREERS, EDUCATION AND TRAINING-QUALIFICATION ROUTES-ASSESSMENT OF PROFESSIONAL COMPETENCE |
| 710 2# - ADDED ENTRY--CORPORATE NAME | |
| Corporate name or jurisdiction name as entry element | Property Week |
| 9 (RLIN) | 1549 |
| 710 2# - ADDED ENTRY--CORPORATE NAME | |
| Corporate name or jurisdiction name as entry element | Building |
| 9 (RLIN) | 1694 |
| 856 40 - ELECTRONIC LOCATION AND ACCESS | |
| Uniform Resource Identifier | <a href="https://www.rics.org/Careerseducationandtraining/Careersinsurveying/oncourse/JobHelp/elevate.htm">https://www.rics.org/Careerseducationandtraining/Careersinsurveying/oncourse/JobHelp/elevate.htm</a> |
| Public note | View the guide free of charge at www.rics.org... |
| 942 ## - ADDED ENTRY ELEMENTS (KOHA) | |
| Suppress in OPAC | 0 |
| Withdrawn status | Lost status | Source of classification or shelving scheme | Damaged status | Not for loan | Home library | Current library | Shelving location | Date acquired | Total Checkouts | Full call number | Barcode | Date last seen | Copy number | Price effective from | Koha item type |
|---|---|---|---|---|---|---|---|---|---|---|---|---|---|---|---|
| Dewey Decimal Classification | London | London | RICS Boxes | 03/08/2007 | RICS 2006/71 | 30073913 | 06/08/2019 | 1 | 06/08/2019 | Archive | |||||
| Dewey Decimal Classification | London | London | RICS Boxes | 03/08/2007 | RICS 2006/71 | 30073914 | 06/08/2019 | 2 | 06/08/2019 | Reference material | |||||
| Dewey Decimal Classification | London | London | RICS Boxes | 03/08/2007 | RICS 2006/71 | 30073915 | 06/08/2019 | 3 | 06/08/2019 | Book | |||||
| Dewey Decimal Classification | London | London | RICS Boxes | 03/08/2007 | RICS 2006/71 | 30073916 | 06/08/2019 | 4 | 06/08/2019 | Book |